000 00633nam a2200205Ii 4500
003 JO-AjNU
008 230605s9999||||xx |||||||||||||| ||und||
040 _aJO-AjNU
_bara
_erda
_cJO-AjNU
041 _aara
050 1 4 _aRM721.T3212 1994
100 3 _aسرور ، فيصل ,
_eauthor
_914299
245 0 0 _aالتدليك المساج وسيلة للعلاج والاسترخاء
250 _aط1
264 3 1 _aعمان:دار الفكر للنشر ، 1994
300 _a136ص
336 _atext
_btxt
_2rdacontent
337 _aunmediated
_bn
_2rdamedia
338 _avolume
_bnc
_2rdacarrier
650 4 _aالتدليك
_914300
999 _aA3780
_c7348
_d7348